Ética como amor propio / (Registro nro. 2343)

Detalles MARC
000 -LEADER
fixed length control field 01263nam a2200361 a 4500
005 - FECHA ULTIMA MODIFICACION
control field 20240412132739.0
008 - CAMPO DE CONTROL (LIBRO)
fixed length control field 100309s1995||||sp f0 s 1s0 spa d
020 ## - INTERNATIONAL STANDARD BOOK NUMBER
ISBN 9700502163
041 ## - CODIGO DE IDIOMA
Código de idioma del texto/pista de sonido o título separado spa
092 ## - SIGNATURA TOPOGRAFICA DEWEY LOCAL
número de clasificación 171.3
libristica 77
sección SAV
100 1# - ENTRADA PRINCIPAL--NOMBRE PERSONAL
Nombre personal Savater, Fernando
9 (RLIN) 3115
245 ## - TITULO PROPIAMENTE DICHO
Título Ética como amor propio /
Mención de responsabilidad y remanente de la transcripción de la portada Fernando Savater
250 ## - MENCION DE EDICION
Mención de edición 1a ed.
260 ## - PIE DE IMPRENTA
Lugar de publicación, distribución, etc Mexico:
Nombre de la editorial, distribuidor, etc Grijalbo;
Fecha de publicación 1991.
300 ## - DESCRIPCION FISICA
Extension 321 p.
500 ## - NOTA GENERAL
Nota general Savater, F. (1991). Ética como amor propio. (1a ed.). México : Grijalbo.
590 ## - NOTAS LOCALES (RLIN)
Nota local Donacion Dora Vera, febrero 2017.
653 #3 - TÉRMINO INDIZADO - PALABRAS CLAVES
Palabra clave El amor propio y la fundamentacion de los valores
653 #3 - TÉRMINO INDIZADO - PALABRAS CLAVES
Palabra clave El ideal del amor propio
653 ## - TÉRMINO INDIZADO - PALABRAS CLAVES
Palabra clave Topologia de la virtud
653 #3 - TÉRMINO INDIZADO - PALABRAS CLAVES
Palabra clave El escandalo del placer
653 #3 - TÉRMINO INDIZADO - PALABRAS CLAVES
Palabra clave La sociedad individualizante
653 ## - TÉRMINO INDIZADO - PALABRAS CLAVES
Palabra clave Fundamento y disputa de los derechos humanos
653 #3 - TÉRMINO INDIZADO - PALABRAS CLAVES
Palabra clave El pesimismo ilustrado
653 ## - TÉRMINO INDIZADO - PALABRAS CLAVES
Palabra clave Schopenhauer : la crisis del amor propio
653 ## - TÉRMINO INDIZADO - PALABRAS CLAVES
Palabra clave Heidegger para la etica
653 #3 - TÉRMINO INDIZADO - PALABRAS CLAVES
Palabra clave Lo abierto y los cerrado en Michel Foucault
653 #4 - TÉRMINO INDIZADO - PALABRAS CLAVES
Palabra clave Del exterminio democratico de la democracia
653 ## - TÉRMINO INDIZADO - PALABRAS CLAVES
Palabra clave Enfermedad mental o enfermedad moral?
653 ## - TÉRMINO INDIZADO - PALABRAS CLAVES
Palabra clave Tesis sociopoliticas sobre las drogas
653 #3 - TÉRMINO INDIZADO - PALABRAS CLAVES
Palabra clave El porvenir de la etica
942 ## - ADDED ENTRY ELEMENTS (KOHA)
Source of classification or shelving scheme Dewey Decimal Classification
Item type Libros
Existencias
Estado de retiro Existencia Fuente de clasificación Estado general No para prestamo Ubicación permanente ubicación actual Sala de ubicación Fecha de adquisición Fuente de adquisición Total Checkouts Número de clasificación Código de barras Date last seen Número de ejemplar Price effective from Koha tipo de elemento (item) Public note
    Dewey Decimal Classification     Biblioteca Medicina Biblioteca Medicina Circulación 24/02/2017 Donacion Dora Vera, febrero 2017.   171.3 77 SAV 3822 24/02/2017 Ej. 1 24/02/2017 Libros Donacion Dora Vera, febrero 2017.

UNIVERSIDAD NACIONAL DEL COMAHUE
Biblioteca de la Facultad de Ciencias Médicas
Sede Toschi: Los Arrayanes y Av. Toschi, Cipolletti  - Rio Negro
Sede Los Tordos:  Yrigoyen al 2211, Cipolletti - Rio Negro 

Teléfono: 0299 - 4774707 int 25
Contacto: biblioteca@facimed.uncoma.edu.ar
© 2011 - 2026